000 00523nam a2200181Ia 4500
003 GCL
008 140319s9999 xx 000 0 ara d
040 _aGCL /
_cGCL
082 0 4 _a813.03
_bا ت
100 1 _aاحمد سيد محمد
245 1 0 _aتوفيق الحكيم: سيرته وأعماله /
_cاحمد سيد محمد
260 _a[S.N] :
_bالصدر لخدمات الطباعة ،
_c1991
300 _a108 ص
490 _a
650 0 4 _aمصر
650 0 4 _aالادباء العرب
942 _2ddc
_cBK
999 _c37278
_d37278